| 000 | 01028nam a22003850a 4500 | ||
|---|---|---|---|
| 001 | PT45021 | ||
| 003 | AR-LpoUNG | ||
| 005 | 20210131231036.0 | ||
| 008 | 191001s2008||||ag |||||||||||||||||spa d | ||
| 020 |
_a9789503405086 _c$59 |
||
| 040 |
_aAR-LpoUNG _bspa _cAR-LpoUNG _eaacr |
||
| 041 | _aspa | ||
| 044 | _aag | ||
| 082 | 0 | _a982.064 493est | |
| 100 | 1 | _aPetraglia, Ricardo | |
| 245 | 1 | 0 |
_aEstela : _bla muerte de la hija parió una abuela |
| 260 |
_aLa Plata : _bUniversidad Nacional de La Plata, _c2008. |
||
| 300 |
_a329 p. : _bfot. |
||
| 650 | 4 | _aANALISIS HISTORICO | |
| 650 | 4 | _aARGENTINA | |
| 650 | 4 | _aBIOGRAFIAS | |
| 650 | 4 | _aDERECHOS HUMANOS | |
| 650 | 4 | _aDICTADURA | |
| 650 | 4 | _aGOBIERNO MILITAR | |
| 650 | 4 | _aGOLPES DE ESTADO | |
| 650 | 4 | _aHISTORIA POLITICA | |
| 650 | 4 | _aVIOLENCIA | |
| 651 | 4 | _aArgentina | |
| 653 | _aABUELAS DE PLAZA DE MAYO | ||
| 653 | _aDESAPARECIDOS | ||
| 653 | _aTERRORISMO DE ESTADO | ||
| 700 | 1 |
_aDuhalde, Eduardo Luis _epról. |
|
| 905 | _a45021 | ||
| 942 | _cLIB | ||
| 999 |
_c7660 _d7660 |
||